Pozdní sběr

Hlavní autor: Hapka, Petr, 1944-2014
Další autoři: Gott, Karel, 1939-2019
Jazyk: Čeština
Vydáno: [Praha] : Universal Music, c2012
Témata:
Fyzický popis: 2 zvukové desky : digital ; 12 cm
Zvukové nahrávky
Uloženo v:
LEADER 02168njm a2200457 a 4500
001 001288768
003 CZ BrMZK
005 20130425120830.0
007 sd fsngnnmmned
008 130418p20121964xr munng n cze d
015 |a cnb002447999 
024 1 |a 602537242788 
028 0 3 |a 372427-8  |b Universal Music 
028 0 3 |a 372428-3  |b Universal Music 
028 0 3 |a 372428-4  |b Universal Music 
040 |a BOA001  |b cze 
041 0 |d cze  |d slo 
045 |a x6y0 
047 |a pp  |a mp 
072 7 |a 784  |x Vokální hudba  |2 Konspekt  |9 9 
080 |a 784.4  |2 MRF 
080 |a 78:791.636  |2 MRF 
080 |a (086.76)  |2 MRF 
100 1 |a Hapka, Petr,  |d 1944-2014  |7 jn19981001418  |4 cmp 
245 1 0 |a Pozdní sběr  |h [zvukový záznam] /  |c Petr Hapka 
260 |a [Praha] :  |b Universal Music,  |c c2012 
300 |a 2 zvukové desky :  |b digital ;  |c 12 cm 
500 |a Původní fonogramy p1964-p2006 SUpraphon, Universal Music a další 
500 |a Kompaktní desky 
505 0 0 |t Malá píseň --  |t Temný stín --  |t Obraz Doriana Graye --  |t Žít, jen žít --  |t Oříšek pro Popelku --  |t Svět je místo k radování --  |t Tanečnice --  |t Píseň pro Joriku --  |t Admirál --  |t Rozvod --  |t Na tisíc žen jde světem --  |t Nestůj a pojď --  |t Já mám pár tónů --  |t Já se znám --  |t Kdybych byl malířem --  |t Řeka zázraků --  |t Já ráda vzpomínám --  |t Klaudie --  |t Lorelay --  |t Motiv panny --  |t On je náš pán --  |t Už svítá --  |t Windsurfing --  |t Mít svůj kout --  |t Beh času --  |t Potměšilý host --  |t Bylo nás pět --  |t Dívám se, dívám --  |t Individualita --  |t Kocour se schoulil na tvůj klín --  |t Mohlo by tu být líp --  |t Bude mi lehká zem --  |t Na hotelu v Olomouci 
511 1 |a Karel Gott a další 
648 4 |a 1964-2006 
648 7 |a 1961-2010  |7 ch460596  |2 czenas 
650 0 7 |a populární písně  |y 1961-2010  |7 ph124354  |2 czenas 
650 0 7 |a filmová hudba  |7 ph120185  |2 czenas 
655 7 |a kompaktní desky  |7 fd201991  |2 czenas 
700 1 |a Gott, Karel,  |d 1939-2019  |7 jk01032549  |4 sng 
910 |a BOA001  |b CDR-1305.077 
990 |a AV 
991 |b 201304 
996 6 |b 2610545785  |c CDR-1305.077  |l MZK  |r Sklad / do 24 hodin  |n 2  |p p.v.  |w 001323375  |u 000010  |a 1  |e BOA001  |j MZK50  |s P